Multiparentalidad y alimentos : (Registro nro. 5834)
[ vista simple ]
| 000 -LEADER | |
|---|---|
| fixed length control field | 01148nab a22002057a 4500 |
| 003 - CONTROL NUMBER IDENTIFIER | |
| control field | OSt |
| 005 - DATE AND TIME OF LATEST TRANSACTION | |
| control field | 20260107130020.0 |
| 008 - FIXED-LENGTH DATA ELEMENTS--GENERAL INFORMATION | |
| fixed length control field | 190514b xxu||||| |||| 00| 0 spa d |
| 040 ## - CATALOGING SOURCE | |
| Transcribing agency | PJ |
| 100 ## - MAIN ENTRY--PERSONAL NAME | |
| 9 (RLIN) | 6733 |
| Personal name | Alma, María Daniela |
| 245 10 - TITLE STATEMENT | |
| Title | Multiparentalidad y alimentos : |
| Remainder of title | los problemas de la triple filiación como vía para obtener una cuota alimentaria / |
| Statement of responsibility, etc | María Daniela Alma. |
| 300 ## - PHYSICAL DESCRIPTION | |
| Extent | p. 199-206 |
| 505 ## - FORMATTED CONTENTS NOTE | |
| Formatted contents note | Sumario: I. El binarismo filial como regla y algunos interrogantes.— II. El impacto de la socioafectividad en el instituto de la filiación, quiebre del binarismo.— III. La multiparentalidad y la obligación alimentaria.— IV. La filiación multiparental como “instrumento” para acceder a derechos alimentarios.— V. La acción declarativa de certeza como alternativa.— VI. Conclusión. |
| 505 ## - FORMATTED CONTENTS NOTE | |
| Title | Si te interesa el texto, comunicate a koha@justierradelfuego.gov.ar |
| 650 #0 - SUBJECT ADDED ENTRY--TOPICAL TERM | |
| 9 (RLIN) | 967 |
| Topical term or geographic name as entry element | DERECHO DE FAMILIA |
| 650 #0 - SUBJECT ADDED ENTRY--TOPICAL TERM | |
| 9 (RLIN) | 968 |
| Topical term or geographic name as entry element | ALIMENTOS |
| 650 #0 - SUBJECT ADDED ENTRY--TOPICAL TERM | |
| 9 (RLIN) | 4099 |
| Topical term or geographic name as entry element | CUOTA ALIMENTARIA |
| 773 0# - HOST ITEM ENTRY | |
| Host Biblionumber | 2844 |
| Host Itemnumber | 3222 |
| Place, publisher, and date of publication | Buenos Aires : AbeledoPerrot, 1989- |
| Title | Derecho de familia. N° 118 - Marzo 2025 |
| International Standard Book Number | 18511201 |
| 942 ## - ADDED ENTRY ELEMENTS (KOHA) | |
| Source of classification or shelving scheme | |
| Koha item type | Analítica Artículo de Revista |
No hay ítems disponibles.
